00658nam a2200157Ia 4500008004100000020001800041050001500059245006900074250000600143260003700149300002000186650006900206952010400275952010400379999001700483120626s9999 xx 000 0 und d a968-842-421-8 aHF1481 T72 aTratado de libre comercio de América del Norte / Texto oficial a2 aMéxico : Miguel Angel Porrúa a2-T. (1218 p.) a1. TRATADOS COMERCIALES -- ESTADOS UNIDOS -- CANADA -- MEXICOÌ 00104070a09b09d2010-09-10l3oHF1481 T72p09 003481r2018-11-06s2018-11-06t1w2012-06-26yLB 00104070a09b09d2010-09-10l2oHF1481 T72p09 003482r2018-11-06s2018-11-06t1w2012-06-26yLB c64536d64536